| 000 | 01175nam a2200241Ia 4500 | ||
|---|---|---|---|
| 003 | Ost | ||
| 005 | 20260507075802.0 | ||
| 008 | 260507s9999||||xx |||||||||||||| ||und|| | ||
| 020 | _a9789957449315 | ||
| 040 | _cfsecg | ||
| 041 | _aara | ||
| 082 | _a350 | ||
| 100 |
_aالشياب، أحمد محمد _eمؤلف |
||
| 245 | 0 |
_aمفاهيم إدارية معاصرة / _c أحمد محمد الشياب |
|
| 260 |
_aعمان: _bالأكاديميون للنشر والتوزيع, _c2014 |
||
| 300 |
_a376 صفحة؛ _bإيضاحات ؛ _c24 سم |
||
| 504 | _aبيبليوغرافيا: ص ص. 357-359 | ||
| 520 | _aيحتوي الكتاب على الإبداع الإداري، الإدارة بالأفكار، الإدارة بالأهداف، الإدارة بالشفافية، إدارة الخوف، إدارة المعرفة، إدارة الوقت والتمكين، الثقة التنظيمية، المساءلة الإدارية، الولاء التنظيمي، الهندرة. | ||
| 653 | _aإدارة الأفراد | ||
| 653 | _aالإدارة العامة | ||
| 700 |
_aأبو حمور، عنان محمد _eمؤلف ثانوي |
||
| 942 | _cكتاب | ||
| 999 |
_c46300 _d46300 |
||